|
|
|
|
| LEADER |
01176nam a2200229 a 4500 |
| 001 |
3233582 |
| 008 |
100330s1978 ge af i000 0 eng d |
| 010 |
|
|
|a 79312106
|
| 040 |
|
|
|a DLC
|c DLC
|d DLC
|
| 082 |
0 |
0 |
|a 301.45/1/0968
|2 16
|
| 245 |
0 |
0 |
|a Women in action for the elimination of apartheid, for freedom and full human rights for the peoples in southern Africa.
|
| 260 |
|
|
|a Berlin :
|b Women's International Democratic Federation,
|c 1978
|
| 300 |
|
|
|a 71 p., [8] leaves of plates :
|b ill. ;
|c 19 cm.
|
| 500 |
|
|
|a Speeches delivered at a round table discussion organized by WIDF and OMA in cooperation with the Pan-African Women's Organization and held in Luanda, Angola on 29-30 Apr. 1978.
|
| 541 |
1 |
|
|e 00001396
|
| 651 |
|
0 |
|a Africa, Southern
|x Race relations
|v Congresses.
|
| 710 |
2 |
|
|a Women's International Democratic Federation.
|
| 710 |
2 |
|
|a Angolan Women's Organization.
|
| 710 |
2 |
|
|a Pan-African Women's Organization.
|
| 852 |
4 |
|
|a Ayesha Abed Library
|j General shelf
|
| 999 |
|
|
|c 7952
|d 7952
|
| 952 |
|
|
|0 0
|1 0
|2 ddc
|4 0
|6 301_451096800000000_WOM_1978
|7 0
|9 8954
|a BRACUL
|b BRACUL
|c GEN
|d 2010-04-04
|g 0.00
|l 0
|o 301.4510968 WOM
|p 3010001396
|r 2010-04-04
|t 1
|w 2010-04-04
|y BK
|z Not price in Register
|